| 000 | 00672nam a22001817a 4500 | ||
|---|---|---|---|
| 020 | _qHard Cover. | ||
| 082 | _a621.3 | ||
| 100 | _aAwais Hider, Muhammd Moaz ; Syed Adeel Rehman Hamdani | ||
| 245 |
_aNetwork Security Monitoring Through Machine Learning / _cAwais Hider, Muhammd Moaz ; Syed Adeel Rehman Hamdani |
||
| 260 |
_aIslamabad : _bSEECS - NUST, _c2019. |
||
| 300 |
_aVar. : ill. ; _c30cm. |
||
| 563 | _aHBK. | ||
| 650 |
_aElectrical Engineering-Project Report. _930780 |
||
| 700 |
_aDr. Sayed Ali Hassan. _930807 |
||
| 856 | _uhttp://10.250.8.41:8080/xmlui/handle/123456789/28757 | ||
| 942 |
_2ddc _cPR |
||
| 999 |
_c535903 _d535903 |
||